Professional power and social welfare /

Bibliographic Details
Main Author: Wilding, Paul
Format: Book
Language:English
Published: London ; Boston : Routledge & Kegan Paul, 1982.
Series:Radical social policy.
Subjects:

MARC

Tag First Indicator Second Indicator Subfields
LEADER 00000cam a22000008a 4500
001 in00000091604
005 20151008064035.0
008 810921s1982 enk b 00110 eng
010 |a  81015793  
020 |a 0710008856 :  |c 10.00 
035 |a (OCoLC)07836262 
035 |9 AAK3411AM 
039 0 |a 2  |b 3  |c 3  |d 3  |e 3 
040 |a DLC  |c DLC  |d TXA  |d UtOrBLW 
049 |a TXAM  |c [1672823] 
050 0 0 |a HV10.5  |b .W54 
082 0 |a 361.3  |2 19 
100 1 |a Wilding, Paul. 
245 1 0 |a Professional power and social welfare /  |c Paul Wilding. 
263 |a 8202 
264 1 |a London ;  |a Boston :  |b Routledge & Kegan Paul,  |c 1982. 
300 |a x, 169 pages ;  |c 22 cm. 
336 |a text  |b txt  |2 rdacontent 
337 |a unmediated  |b n  |2 rdamedia 
338 |a volume  |b nc  |2 rdacarrier 
490 1 |a Radical social policy 
500 |a Includes index. 
504 |a Bibliography: pages 150-163. 
650 0 |a Social workers. 
650 0 |a Social work administration. 
650 0 |a Welfare state. 
830 0 |a Radical social policy. 
999 |a MARS 
999 f f |s 35520521-a452-3ff9-af57-a7d450e96c42  |i 5ab0ec88-f140-381f-a972-072c4baaeb8b  |t 0 
952 f f |p ric  |a Texas A&M University  |b Rellis Campus  |c Joint Library Facility  |d Remote Storage  |t 0  |e HV10.5 .W54  |h Library of Congress classification  |i unmediated -- volume  |m A14806145237 
998 f f |a HV10.5 .W54  |t 0  |l Remote Storage